[Event "Pere Noel U1800"]
[Site "Montreal CAN"]
[Date "2012.12.26"]
[Round "1.16"]
[White "Heredia, Jose"]
[Black "Ptitsyn, Ihor"]
[Result "1-0"]
[WhiteElo "1782"]
[BlackElo "1519"]
[PlyCount "107"]
[GameId "2160767909411132"]
[EventDate "2012.12.26"]
[EventType "swiss"]
[EventRounds "5"]
[EventCountry "CAN"]
[SourceTitle "EXT 2022"]
[Source "ChessBase"]
[SourceDate "2021.10.06"]
[SourceVersion "1"]
[SourceVersionDate "2021.10.06"]
[SourceQuality "1"]

1. c4 e5 2. Nc3 Nf6 3. Nf3 d6 4. d4 exd4 5. Nxd4 Be7 6. g3 O-O 7. Bg2 c5 8. Nc2 Nc6 9. O-O Rb8 10. b3 Be6 11. Bb2 a6 12. Ne3 Qc7 13. Ned5 Bxd5 14. Nxd5 Nxd5 15. Bxd5 Nb4 16. Bg2 f5 17. a3 Nc6 18. Qd5+ Kh8 19. Rad1 Rbd8 20. e4 Bf6 21. Bxf6 Rxf6 22. exf5 a5 23. Rfe1 Ne7 24. Qxb7 Qxb7 25. Bxb7 Nxf5 26. b4 axb4 27. axb4 cxb4 28. c5 Rf7 29. c6 Rc7 30. Re6 Kg8 31. Re4 Ne7 32. Rc1 d5 33. Rxe7 Rxe7 34. c7 Rxc7 35. Rxc7 b3 36. Rc1 Rd7 37. Bc8 Rd6 38. Bf5 g6 39. Bd3 Kg7 40. Rb1 Rb6 41. Kf1 Kf6 42. f4 Ke6 43. Ke2 Kd6 44. Kd2 Kc5 45. Kc3 d4+ 46. Kb2 Kb4 47. Rc1 Rd6 48. Rc4+ Ka5 49. Kxb3 Rb6+ 50. Ka3 Rd6 51. Ra4+ Kb6 52. Ra6+ Kc5 53. Rxd6 Kxd6 54. Kb4 1-0

[Event "Pere Noel U1800"]
[Site "Montreal CAN"]
[Date "2012.12.26"]
[Round "1.17"]
[White "Steinberg, Ellis"]
[Black "Dumoulin, Sylvain"]
[Result "0-1"]
[WhiteElo "1519"]
[BlackElo "1733"]
[PlyCount "84"]
[GameId "2160767909411133"]
[EventDate "2012.12.26"]
[EventType "swiss"]
[EventRounds "5"]
[EventCountry "CAN"]
[SourceTitle "EXT 2022"]
[Source "ChessBase"]
[SourceDate "2021.10.06"]
[SourceVersion "1"]
[SourceVersionDate "2021.10.06"]
[SourceQuality "1"]

1. e4 e6 2. d3 d5 3. Nd2 Nf6 4. Ngf3 b6 5. Qe2 Bb7 6. g3 Be7 7. Bg2 Na6 8. c3 dxe4 9. dxe4 Nc5 10. O-O Nfxe4 11. Nxe4 Nxe4 12. Nd2 Nxd2 13. Bxb7 Nxf1 14. Kxf1 O-O 15. Bf4 Rb8 16. Rd1 Bd6 17. Be4 Qe7 18. Qh5 g6 19. Bxd6 cxd6 20. Qh6 d5 21. Bc2 b5 22. Rd4 b4 23. h4 bxc3 24. h5 cxb2 25. Bb1 Qf6 26. Rg4 Qg7 27. Qe3 f5 28. Rg5 f4 29. gxf4 Rf5 30. Qxe6+ Qf7 31. Qd6 Rb6 32. hxg6 hxg6 33. Qd8+ Qf8 34. Rxg6+ Rxg6 35. Qxf8+ Kxf8 36. Bxf5 Re6 37. Bb1 Kf7 38. f5 Re5 39. f4 Re4 40. Kf2 Kf6 41. Bc2 Rxf4+ 42. Ke3 Rf1 0-1

[Event "Pere Noel U1800"]
[Site "Montreal CAN"]
[Date "2012.12.26"]
[Round "1.18"]
[White "Medawar, Jean-Marc"]
[Black "Kay, Sang Kill"]
[Result "1-0"]
[WhiteElo "1697"]
[BlackElo "1515"]
[PlyCount "37"]
[GameId "2160767909411134"]
[EventDate "2012.12.26"]
[EventType "swiss"]
[EventRounds "5"]
[EventCountry "CAN"]
[SourceTitle "EXT 2022"]
[Source "ChessBase"]
[SourceDate "2021.10.06"]
[SourceVersion "1"]
[SourceVersionDate "2021.10.06"]
[SourceQuality "1"]

1. d4 Nf6 2. f4 e6 3. Nf3 c5 4. e3 Bd6 5. c3 Nc6 6. Bd3 h6 7. O-O Nh7 8. Ne5 cxd4 9. exd4 Bxe5 10. fxe5 Ng5 11. Qh5 O-O 12. h4 f5 13. hxg5 Kh7 14. g6+ Kg8 15. Bc4 Ne7 16. Bxh6 Qe8 17. Bxg7 Qxg6 18. Qh8+ Kf7 19. Qxf8# 1-0

[Event "Pere Noel U1800"]
[Site "Montreal CAN"]
[Date "2012.12.26"]
[Round "1.19"]
[White "Struben, Jeroen"]
[Black "Plante, Marc-Eric"]
[Result "0-1"]
[WhiteElo "1495"]
[BlackElo "1690"]
[PlyCount "98"]
[GameId "2160767909411135"]
[EventDate "2012.12.26"]
[EventType "swiss"]
[EventRounds "5"]
[EventCountry "CAN"]
[SourceTitle "EXT 2022"]
[Source "ChessBase"]
[SourceDate "2021.10.06"]
[SourceVersion "1"]
[SourceVersionDate "2021.10.06"]
[SourceQuality "1"]

1. d4 Nf6 2. c4 e6 3. Nc3 Bb4 4. Qc2 O-O 5. a3 Bxc3+ 6. Qxc3 Ne4 7. Qc2 f5 8. Nf3 d6 9. Nd2 Qf6 10. Nxe4 fxe4 11. e3 Nd7 12. b4 a5 13. b5 Rb8 14. Ra2 Qg6 15. f3 exf3 16. Qxg6 hxg6 17. gxf3 Rxf3 18. Bg2 Rf6 19. e4 e5 20. Bg5 Rf7 21. d5 Nc5 22. Ke2 Bg4+ 23. Ke3 Rbf8 24. Re1 Nb3 25. Bh4 b6 26. h3 Bxh3 27. Bh1 Nd4 28. Rh2 Bg4 29. Rg1 Bh5 30. Rh3 Rf1 31. Rxf1 Rxf1 32. Bd8 Rf7 33. Rg3 Kf8 34. Rg2 Ke8 35. Bg5 Rf3+ 36. Kd2 Rxa3 37. Rg1 Ra2+ 38. Ke3 Rc2 39. Kd3 Be2+ 40. Ke3 Rc3+ 41. Kd2 Rd3+ 42. Kc1 Rc3+ 43. Kb1 Rxc4 44. Bg2 Bh5 45. Rf1 Nxb5 46. Bh3 Nc3+ 47. Ka1 Nxe4 48. Bd7+ Kxd7 49. Rf7+ Kc8 0-1

[Event "Pere Noel U1800"]
[Site "Montreal CAN"]
[Date "2012.12.26"]
[Round "1.20"]
[White "Germain, Benoit"]
[Black "Lesperance, Pierre"]
[Result "1-0"]
[WhiteElo "1684"]
[BlackElo "1486"]
[PlyCount "69"]
[GameId "2160767909411136"]
[EventDate "2012.12.26"]
[EventType "swiss"]
[EventRounds "5"]
[EventCountry "CAN"]
[SourceTitle "EXT 2022"]
[Source "ChessBase"]
[SourceDate "2021.10.06"]
[SourceVersion "1"]
[SourceVersionDate "2021.10.06"]
[SourceQuality "1"]

1. e4 c5 2. Nf3 d6 3. d4 cxd4 4. Nxd4 Nf6 5. Nc3 a6 6. Be3 b5 7. Bd3 Bb7 8. f3 e6 9. Qd2 Be7 10. O-O-O O-O 11. h4 Nc6 12. g4 Rc8 13. Kb1 Nd7 14. Nce2 Nde5 15. Rdg1 Nxd4 16. Nxd4 Nc4 17. Bxc4 Rxc4 18. Nb3 Qc7 19. Na5 Ra4 20. Nxb7 Qxb7 21. b3 Ra3 22. Qb4 d5 23. Bc5 Bxc5 24. Qxc5 Ra5 25. Re1 Rc8 26. Qb4 Qc7 27. Re2 Qc3 28. Qxc3 Rxc3 29. exd5 Rxf3 30. Rd1 e5 31. Rxe5 f6 32. Re7 Rc3 33. d6 Kf8 34. d7 Kxe7 35. d8=Q+ 1-0

[Event "Pere Noel U1800"]
[Site "Montreal CAN"]
[Date "2012.12.26"]
[Round "1.21"]
[White "Saine, Zachary"]
[Black "Baran, Marius"]
[Result "1/2-1/2"]
[WhiteElo "1477"]
[BlackElo "1661"]
[PlyCount "132"]
[GameId "2160767909411137"]
[EventDate "2012.12.26"]
[EventType "swiss"]
[EventRounds "5"]
[EventCountry "CAN"]
[SourceTitle "EXT 2022"]
[Source "ChessBase"]
[SourceDate "2021.10.06"]
[SourceVersion "1"]
[SourceVersionDate "2021.10.06"]
[SourceQuality "1"]

1. e4 c5 2. Nf3 d6 3. d4 cxd4 4. Nxd4 Nf6 5. Nc3 g6 6. Be3 Bg7 7. f3 h5 8. Qd2 Nc6 9. O-O-O Bd7 10. Bc4 Rc8 11. Bb3 Qa5 12. f4 Ng4 13. Bg1 Bh6 14. h3 Nf6 15. Be3 O-O 16. f5 Bxe3 17. Qxe3 Kg7 18. g4 Nxd4 19. Qxd4 Qc5 20. g5 Qxd4 21. Rxd4 Ne8 22. Rf1 Rc5 23. f6+ exf6 24. gxf6+ Kg8 25. Rd5 Bxh3 26. Rh1 Be6 27. Rxc5 Bxb3 28. Rg5 Be6 29. Nd5 Bxd5 30. Rxd5 Nxf6 31. Rxd6 Nxe4 32. Rd7 Rb8 33. Rhd1 Kf8 34. Rd8+ Rxd8 35. Rxd8+ Ke7 36. Ra8 a6 37. Rb8 Nd6 38. Kd2 Kd7 39. Kd3 Kc7 40. Rf8 a5 41. Kd4 Kc6 42. c4 b6 43. a3 g5 44. b4 axb4 45. axb4 g4 46. c5 bxc5+ 47. bxc5 Nf5+ 48. Ke5 Ne3 49. Rxf7 Kxc5 50. Ra7 Kc4 51. Ke4 Nd5 52. Rh7 Nc3+ 53. Kf4 Ne2+ 54. Ke3 Ng3 55. Kf2 h4 56. Rxh4 Ne4+ 57. Ke3 Nf6 58. Kf4 Kd5 59. Kf5 Nd7 60. Rxg4 Kd6 61. Rd4+ Ke7 62. Ra4 Kd6 63. Ra6+ Ke7 64. Kg6 Nf8+ 65. Kg7 Ne6+ 66. Rxe6+ Kxe6 1/2-1/2

[Event "Pere Noel U1800"]
[Site "Montreal CAN"]
[Date "2012.12.26"]
[Round "1.22"]
[White "Bedard, Michel"]
[Black "Ollivier, Laurent"]
[Result "1/2-1/2"]
[WhiteElo "1640"]
[BlackElo "1464"]
[PlyCount "85"]
[GameId "2160767909411138"]
[EventDate "2012.12.26"]
[EventType "swiss"]
[EventRounds "5"]
[EventCountry "CAN"]
[SourceTitle "EXT 2022"]
[Source "ChessBase"]
[SourceDate "2021.10.06"]
[SourceVersion "1"]
[SourceVersionDate "2021.10.06"]
[SourceQuality "1"]

1. d4 d5 2. c4 c6 3. Nf3 Nf6 4. Nc3 dxc4 5. a4 Bf5 6. e3 e6 7. Bxc4 Be7 8. O-O O-O 9. Re1 Nbd7 10. e4 Bg6 11. Bg5 h6 12. Bh4 Nxe4 13. Bxe7 Nxc3 14. Bxd8 Nxd1 15. Be7 Nxb2 16. Bxf8 Nxc4 17. Bb4 b5 18. Rec1 a5 19. axb5 cxb5 20. Rxc4 bxc4 21. Rxa5 Rxa5 22. Bxa5 Be4 23. Nd2 Bd5 24. f3 Nb8 25. Kf2 Nc6 26. Bc3 Kf8 27. Ke3 Ke7 28. Nb1 g5 29. g3 f5 30. Bb2 h5 31. Ba3+ Kf6 32. Bc5 Na5 33. Nc3 Nb3 34. Bb6 Ke7 35. h3 Bc6 36. Bc7 Na1 37. Be5 Nc2+ 38. Kd2 Nb4 39. f4 g4 40. hxg4 hxg4 41. Ne2 Nd3 42. Kc3 Bd5 43. Kd2 1/2-1/2

[Event "Pere Noel U1800"]
[Site "Montreal CAN"]
[Date "2012.12.26"]
[Round "1.23"]
[White "Jacques, Simon"]
[Black "Laferriere, Samuel"]
[Result "0-1"]
[WhiteElo "1446"]
[BlackElo "1619"]
[PlyCount "54"]
[GameId "2160767909411139"]
[EventDate "2012.12.26"]
[EventType "swiss"]
[EventRounds "5"]
[EventCountry "CAN"]
[SourceTitle "EXT 2022"]
[Source "ChessBase"]
[SourceDate "2021.10.06"]
[SourceVersion "1"]
[SourceVersionDate "2021.10.06"]
[SourceQuality "1"]

1. e4 c6 2. c4 d5 3. cxd5 cxd5 4. exd5 Nf6 5. Bb5+ Bd7 6. Bc4 b5 7. Bb3 g6 8. Nf3 Bg7 9. d4 O-O 10. O-O Na6 11. Bg5 Nc7 12. Nc3 b4 13. Bxf6 exf6 14. d6 Nb5 15. Nd5 a5 16. Re1 Ra6 17. Nc7 Rxd6 18. Nxb5 Bxb5 19. a4 Bc6 20. d5 Bxd5 21. Bxd5 Rxd5 22. Qe2 Qd7 23. Qe7 f5 24. Qh4 Bxb2 25. g3 Bxa1 26. Re7 Rd1+ 27. Kg2 Qd5 0-1

[Event "Pere Noel U1800"]
[Site "Montreal CAN"]
[Date "2012.12.26"]
[Round "1.24"]
[White "Saha, Ananda"]
[Black "Selmani, Sam"]
[Result "1-0"]
[WhiteElo "1617"]
[BlackElo "1446"]
[PlyCount "55"]
[GameId "2160767909411140"]
[EventDate "2012.12.26"]
[EventType "swiss"]
[EventRounds "5"]
[EventCountry "CAN"]
[SourceTitle "EXT 2022"]
[Source "ChessBase"]
[SourceDate "2021.10.06"]
[SourceVersion "1"]
[SourceVersionDate "2021.10.06"]
[SourceQuality "1"]

1. d4 Nf6 2. c4 g6 3. Nc3 Bg7 4. e4 d6 5. Nf3 O-O 6. Be2 e5 7. d5 a5 8. Bg5 h6 9. Bh4 Na6 10. Nd2 Nc5 11. b3 g5 12. Bg3 Nfxe4 13. Ndxe4 Nxe4 14. Nxe4 f5 15. h4 fxe4 16. hxg5 Qxg5 17. Rh5 Qg6 18. Qd2 Bg4 19. Bxg4 Qxg4 20. Rh4 Qg6 21. O-O-O Kf7 22. Qe2 e3 23. Rg4 Qh7 24. fxe3 Ke7 25. c5 dxc5 26. Qb5 b6 27. Qc6 Kf7 28. Qe6# 1-0

[Event "Pere Noel U1800"]
[Site "Montreal CAN"]
[Date "2012.12.26"]
[Round "1.25"]
[White "Utepova, Alika"]
[Black "Yip, William"]
[Result "1-0"]
[WhiteElo "1409"]
[BlackElo "1584"]
[PlyCount "63"]
[GameId "2160767909411141"]
[EventDate "2012.12.26"]
[EventType "swiss"]
[EventRounds "5"]
[EventCountry "CAN"]
[SourceTitle "EXT 2022"]
[Source "ChessBase"]
[SourceDate "2021.10.06"]
[SourceVersion "1"]
[SourceVersionDate "2021.10.06"]
[SourceQuality "1"]

1. e4 c5 2. Nf3 d6 3. d4 cxd4 4. Nxd4 Nf6 5. Nc3 Nc6 6. Bc4 Qb6 7. Nb3 e6 8. O-O Be7 9. Kh1 O-O 10. f4 Qd8 11. Qe1 a6 12. a3 b5 13. Bd3 Qc7 14. Rf3 Ne8 15. Rh3 g6 16. Qg3 Ng7 17. Ne2 Bf6 18. Rh6 Ne7 19. c3 Ne8 20. Qh3 e5 21. f5 Bg7 22. Rxh7 Nf6 23. Rxg7+ Kxg7 24. Bh6+ Kg8 25. Bxf8 Kxf8 26. Qh8+ Nfg8 27. f6 Nc6 28. Qg7+ Ke8 29. Qxg8+ Kd7 30. Qxf7+ Kd8 31. Qg8+ Kd7 32. f7 1-0

[Event "Pere Noel U1800"]
[Site "Montreal CAN"]
[Date "2012.12.26"]
[Round "1.26"]
[White "Cloutier, Jean-Pierre"]
[Black "Ouellet, Maili-Jade"]
[Result "1-0"]
[WhiteElo "1568"]
[BlackElo "1399"]
[PlyCount "93"]
[GameId "2160767909411142"]
[EventDate "2012.12.26"]
[EventType "swiss"]
[EventRounds "5"]
[EventCountry "CAN"]
[SourceTitle "EXT 2022"]
[Source "ChessBase"]
[SourceDate "2021.10.06"]
[SourceVersion "1"]
[SourceVersionDate "2021.10.06"]
[SourceQuality "1"]

1. e4 c5 2. g3 Nc6 3. Bg2 e6 4. Nf3 d5 5. exd5 exd5 6. O-O Nf6 7. d4 c4 8. Ne5 Be6 9. Nc3 h6 10. f4 Bb4 11. f5 Bc8 12. a3 Ba5 13. Nxc6 bxc6 14. Re1+ Kf8 15. Qf3 Ne4 16. g4 h5 17. g5 Nxg5 18. Bxg5 Qxg5 19. Re3 h4 20. h3 Bxf5 21. Rf1 Bg6 22. Qe2 Bxc2 23. Re1 Be4 24. Nxe4 dxe4 25. Rf1 Re8 26. Rxe4 Rxe4 27. Qxe4 Rh6 28. Qe2 Rg6 29. Kh1 Qd2 30. Qe4 Qd3 31. Qf4 Kg8 32. Qxh4 Qd2 33. Qe4 Re6 34. Qf5 Re7 35. Bxc6 Bc7 36. Bg2 Qxb2 37. Qc5 Qe2 38. Qf5 Bb6 39. Bd5 Rc7 40. Bxf7+ Kh8 41. Bg6 Qxf1+ 42. Qxf1 Rc8 43. Qf5 Rd8 44. Bf7 Rd5 45. Qxd5 g6 46. Qe5+ Kh7 47. Qf6 1-0

[Event "Pere Noel U1800"]
[Site "Montreal CAN"]
[Date "2012.12.26"]
[Round "1.27"]
[White "Rodrigue-Lemieux, Shawn"]
[Black "Bergeron, Jean-Guy"]
[Result "1-0"]
[WhiteElo "1261"]
[BlackElo "1557"]
[PlyCount "71"]
[GameId "2160767909411143"]
[EventDate "2012.12.26"]
[EventType "swiss"]
[EventRounds "5"]
[EventCountry "CAN"]
[SourceTitle "EXT 2022"]
[Source "ChessBase"]
[SourceDate "2021.10.06"]
[SourceVersion "1"]
[SourceVersionDate "2021.10.06"]
[SourceQuality "1"]

1. e4 Nc6 2. d4 e5 3. Nf3 exd4 4. Bc4 Bb4+ 5. Bd2 Nf6 6. Bxb4 Nxb4 7. e5 Qe7 8. a3 Nc6 9. O-O Ng4 10. Re1 O-O 11. h3 Ngxe5 12. Nxe5 Nxe5 13. f4 Qc5 14. Rxe5 Qxc4 15. Nd2 Qc6 16. Nf3 Qf6 17. g3 d6 18. Rh5 c5 19. Ng5 h6 20. Ne4 Qg6 21. Qf3 f5 22. Nd2 Re8 23. Rh4 Re3 24. Qd5+ Kh7 25. Nf1 Rxg3+ 26. Kf2 Rg2+ 27. Qxg2 Qf7 28. Nd2 Be6 29. Nf3 Kh8 30. Ng5 Qe7 31. Re1 Kg8 32. Rxe6 Qd8 33. Rexh6 gxh6 34. Ne6+ Kf7 35. Nxd8+ Rxd8 36. Qxb7+ 1-0

[Event "Pere Noel U1800"]
[Site "Montreal CAN"]
[Date "2012.12.26"]
[Round "1.28"]
[White "Samikov, Chingis"]
[Black "Achkar, Olivier"]
[Result "1-0"]
[WhiteElo "1545"]
[BlackElo "1178"]
[PlyCount "55"]
[GameId "2160767909411144"]
[EventDate "2012.12.26"]
[EventType "swiss"]
[EventRounds "5"]
[EventCountry "CAN"]
[SourceTitle "EXT 2022"]
[Source "ChessBase"]
[SourceDate "2021.10.06"]
[SourceVersion "1"]
[SourceVersionDate "2021.10.06"]
[SourceQuality "1"]

1. d4 Nf6 2. c4 d6 3. Nc3 g6 4. e4 Bg7 5. Nf3 O-O 6. Be2 c5 7. d5 Na6 8. O-O Bg4 9. Ne1 Bxe2 10. Qxe2 Rc8 11. a3 Nd7 12. Bd2 Nc7 13. f4 a6 14. a4 a5 15. Rb1 Na6 16. b3 Nb4 17. Nb5 Nb8 18. Bc3 f6 19. f5 g5 20. Qg4 Nd7 21. h4 h6 22. Rf3 Rb8 23. Nd3 Nxd3 24. Rxd3 Ne5 25. Bxe5 dxe5 26. hxg5 fxg5 27. Rh3 Rf6 28. Rd1 1-0

[Event "Pere Noel U1800"]
[Site "Montreal CAN"]
[Date "2012.12.27"]
[Round "2.16"]
[White "Samikov, Chingis"]
[Black "Heredia, Jose"]
[Result "0-1"]
[WhiteElo "1545"]
[BlackElo "1782"]
[PlyCount "86"]
[GameId "2160767909411149"]
[EventDate "2012.12.26"]
[EventType "swiss"]
[EventRounds "5"]
[EventCountry "CAN"]
[SourceTitle "EXT 2022"]
[Source "ChessBase"]
[SourceDate "2021.10.06"]
[SourceVersion "1"]
[SourceVersionDate "2021.10.06"]
[SourceQuality "1"]

1. d4 d5 2. c4 c6 3. Nf3 Nf6 4. Nc3 e6 5. Bg5 h6 6. Bxf6 Qxf6 7. e3 Nd7 8. cxd5 exd5 9. Bd3 Bd6 10. Qc2 O-O 11. O-O Nb6 12. e4 dxe4 13. Nxe4 Qd8 14. Nxd6 Qxd6 15. Rfe1 Be6 16. a3 Rad8 17. Rad1 Bg4 18. Be2 Rfe8 19. Ne5 Bxe2 20. Rxe2 c5 21. Nf3 Rxe2 22. Qxe2 cxd4 23. Rxd4 Qc7 24. Rxd8+ Qxd8 25. h3 Kf8 26. Qc2 Qc8 27. Qxc8+ Nxc8 28. Kf1 Nd6 29. Nd2 Ke7 30. Ke2 Ke6 31. Kd3 Kd5 32. g3 g5 33. Nf1 Nc4 34. Ne3+ Nxe3 35. fxe3 f5 36. h4 gxh4 37. gxh4 Ke5 38. b3 f4 39. e4 h5 40. b4 b5 41. Kd2 Kxe4 42. Ke2 f3+ 43. Kf2 Kf4 0-1

[Event "Pere Noel U1800"]
[Site "Montreal CAN"]
[Date "2012.12.27"]
[Round "2.17"]
[White "Milosz, Jerzy"]
[Black "Germain, Benoit"]
[Result "1-0"]
[WhiteElo "1539"]
[BlackElo "1684"]
[PlyCount "75"]
[GameId "2160767909411150"]
[EventDate "2012.12.26"]
[EventType "swiss"]
[EventRounds "5"]
[EventCountry "CAN"]
[SourceTitle "EXT 2022"]
[Source "ChessBase"]
[SourceDate "2021.10.06"]
[SourceVersion "1"]
[SourceVersionDate "2021.10.06"]
[SourceQuality "1"]

1. e4 d6 2. d4 Nf6 3. Nc3 g6 4. Nf3 Bg7 5. Be2 O-O 6. O-O e5 7. dxe5 dxe5 8. Bg5 Nbd7 9. Nd5 c6 10. Nxf6+ Bxf6 11. Bh6 Re8 12. c3 Qe7 13. Qc2 Nf8 14. Be3 Be6 15. a3 g5 16. h3 Ng6 17. Nh2 Nf4 18. Bxf4 gxf4 19. Bg4 Kh8 20. Qe2 Rg8 21. Kh1 Rg7 22. Rg1 Rag8 23. f3 Bh4 24. Rad1 Rg5 25. b4 h5 26. Bxe6 Qxe6 27. Qd2 R5g6 28. Qc2 Be7 29. Nf1 b5 30. Kh2 Bd8 31. g3 Bb6 32. Rg2 fxg3+ 33. Rxg3 Rxg3 34. Nxg3 Be3 35. Nf5 Bf4+ 36. Kh1 Qc4 37. Rg1 Rd8 38. Qg2 1-0

[Event "Pere Noel U1800"]
[Site "Montreal CAN"]
[Date "2012.12.27"]
[Round "2.18"]
[White "Laferriere, Samuel"]
[Black "Utepova, Alika"]
[Result "1-0"]
[WhiteElo "1619"]
[BlackElo "1409"]
[PlyCount "57"]
[GameId "2160767909411151"]
[EventDate "2012.12.26"]
[EventType "swiss"]
[EventRounds "5"]
[EventCountry "CAN"]
[SourceTitle "EXT 2022"]
[Source "ChessBase"]
[SourceDate "2021.10.06"]
[SourceVersion "1"]
[SourceVersionDate "2021.10.06"]
[SourceQuality "1"]

1. e4 c5 2. Nc3 Nc6 3. f4 d6 4. Nf3 e6 5. Bb5 Nf6 6. O-O Be7 7. d4 cxd4 8. Nxd4 Qc7 9. Qf3 Nd7 10. Bxc6 bxc6 11. f5 e5 12. Nb3 O-O 13. g4 f6 14. Nd2 Rd8 15. Qg3 Bb7 16. Nf3 d5 17. g5 fxg5 18. Nxg5 Bxg5 19. Bxg5 Rf8 20. f6 Rf7 21. Rf2 Nc5 22. Re1 d4 23. Nb1 Rd8 24. Qa3 Qb6 25. Bd2 Rxf6 26. Rxf6 gxf6 27. Ba5 Qb5 28. Bxd8 Kf7 29. Rf1 1-0

[Event "Pere Noel U1800"]
[Site "Montreal CAN"]
[Date "2012.12.27"]
[Round "2.19"]
[White "Rodrigue-Lemieux, Shawn"]
[Black "Saha, Ananda"]
[Result "0-1"]
[WhiteElo "1261"]
[BlackElo "1617"]
[PlyCount "122"]
[GameId "2160767909411152"]
[EventDate "2012.12.26"]
[EventType "swiss"]
[EventRounds "5"]
[EventCountry "CAN"]
[SourceTitle "EXT 2022"]
[Source "ChessBase"]
[SourceDate "2021.10.06"]
[SourceVersion "1"]
[SourceVersionDate "2021.10.06"]
[SourceQuality "1"]

1. e4 e5 2. f4 Bc5 3. Nf3 d6 4. Bc4 Nc6 5. c3 Nf6 6. d4 exd4 7. cxd4 Bb4+ 8. Bd2 Bxd2+ 9. Nbxd2 O-O 10. O-O Nxe4 11. Nxe4 d5 12. Neg5 dxc4 13. Qc2 g6 14. Qxc4 h6 15. Ne4 Be6 16. d5 Na5 17. Qc3 f5 18. dxe6 fxe4 19. Ne5 Nc6 20. Nxg6 Rf6 21. f5 Qd4+ 22. Qxd4 Nxd4 23. Ne5 Rxf5 24. Rxf5 Nxf5 25. Re1 e3 26. g4 Nd4 27. Rxe3 Nxe6 28. h4 Nd4 29. Re4 Rd8 30. Kf2 c5 31. Rf4 Re8 32. Nd3 b6 33. Kf1 Re3 34. Nf2 Nf3 35. h5 Re1+ 36. Kg2 Ne5 37. Ra4 a5 38. Ra3 Nc4 39. Rb3 Re2 40. Kf3 Rxb2 41. Rxb2 Nxb2 42. Ke3 Kf7 43. Ne4 Nc4+ 44. Kf2 Ne5 45. Kg3 c4 46. Kf4 Nd3+ 47. Ke3 Ke6 48. Kd4 b5 49. a4 bxa4 50. Kxc4 Ne5+ 51. Kd4 Nxg4 52. Nc5+ Kf5 53. Kd3 a3 54. Ke2 a4 55. Nxa4 a2 56. Nc3 a1=Q 57. Nd5 Qa2+ 58. Kd3 Qxd5+ 59. Ke2 Qb3 60. Ke1 Qc2 61. Kf1 Qf2# 0-1

[Event "Pere Noel U1800"]
[Site "Montreal CAN"]
[Date "2012.12.27"]
[Round "2.20"]
[White "Robert-Ouimet, Jean-Simon"]
[Black "Cloutier, Jean-Pierre"]
[Result "0-1"]
[WhiteElo "963"]
[BlackElo "1568"]
[PlyCount "102"]
[GameId "2160767909411153"]
[EventDate "2012.12.26"]
[EventType "swiss"]
[EventRounds "5"]
[EventCountry "CAN"]
[SourceTitle "EXT 2022"]
[Source "ChessBase"]
[SourceDate "2021.10.06"]
[SourceVersion "1"]
[SourceVersionDate "2021.10.06"]
[SourceQuality "1"]

1. e4 g6 2. d4 Bg7 3. Nf3 c5 4. dxc5 Nc6 5. Nc3 Nf6 6. Be2 Qa5 7. O-O O-O 8. Re1 a6 9. h3 Qxc5 10. Be3 Qa5 11. a3 e6 12. Qd2 Rd8 13. b4 Qc7 14. Rad1 b5 15. Bg5 Bb7 16. Bf1 Ne5 17. Nxe5 Qxe5 18. f4 Qc7 19. e5 Ne8 20. Bxd8 Rxd8 21. g3 f6 22. exf6 Bxf6 23. Re3 Qb6 24. Kh2 d5 25. Rde1 Ng7 26. Nd1 Bd4 27. Rxe6 Nxe6 28. c3 Bg7 29. Qe3 Qxe3 30. Rxe3 Kf7 31. Bg2 Rd7 32. Nf2 d4 33. Rd3 Bxg2 34. Kxg2 Ke7 35. cxd4 Bxd4 36. Rd2 Bxf2 37. Rxf2 Rd3 38. Rf3 Rxf3 39. Kxf3 Nd4+ 40. Ke4 Nc2 41. g4 Nxa3 42. Ke5 Nc2 43. h4 Nxb4 44. g5 a5 45. f5 Kf7 46. Kf4 a4 47. Kg4 a3 48. h5 gxf5+ 49. Kxf5 a2 50. g6+ hxg6+ 51. hxg6+ Kg7 0-1

[Event "Pere Noel U1800"]
[Site "Montreal CAN"]
[Date "2012.12.27"]
[Round "2.21"]
[White "Baran, Marius"]
[Black "Ollivier, Laurent"]
[Result "0-1"]
[WhiteElo "1661"]
[BlackElo "1464"]
[PlyCount "94"]
[GameId "2160767909411154"]
[EventDate "2012.12.26"]
[EventType "swiss"]
[EventRounds "5"]
[EventCountry "CAN"]
[SourceTitle "EXT 2022"]
[Source "ChessBase"]
[SourceDate "2021.10.06"]
[SourceVersion "1"]
[SourceVersionDate "2021.10.06"]
[SourceQuality "1"]

1. d4 d5 2. Nf3 Nf6 3. Bg5 Bf5 4. e3 c6 5. Bxf6 exf6 6. c4 Qb6 7. Qb3 Qxb3 8. axb3 Bxb1 9. Rxb1 Bb4+ 10. Kd1 Ke7 11. Bd3 g6 12. h4 Nd7 13. h5 f5 14. hxg6 hxg6 15. Ke2 Nf6 16. Ne5 Ne4 17. g4 Bd6 18. gxf5 Bxe5 19. Bxe4 dxe4 20. dxe5 gxf5 21. Rxh8 Rxh8 22. Ra1 a6 23. Rd1 Rd8 24. Rd4 Rh8 25. b4 Rh6 26. b5 axb5 27. cxb5 c5 28. Rd5 b6 29. b3 Rg6 30. Rd2 Ke6 31. b4 cxb4 32. Rb2 Kxe5 33. Rxb4 Rd6 34. Rb3 f4 35. f3 f5 36. exf4+ Kxf4 37. Rb4 Rd3 38. fxe4 fxe4 39. Rb1 Re3+ 40. Kf2 Ra3 41. Rb2 Rh3 42. Kg2 Rg3+ 43. Kf1 e3 44. Rh2 Rg5 45. Rh4+ Kg3 46. Re4 Kf3 47. Re6 e2+ 0-1

[Event "Pere Noel U1800"]
[Site "Montreal CAN"]
[Date "2012.12.27"]
[Round "2.22"]
[White "Saine, Zachary"]
[Black "Bedard, Michel"]
[Result "1-0"]
[WhiteElo "1477"]
[BlackElo "1640"]
[PlyCount "90"]
[GameId "2160767909411155"]
[EventDate "2012.12.26"]
[EventType "swiss"]
[EventRounds "5"]
[EventCountry "CAN"]
[SourceTitle "EXT 2022"]
[Source "ChessBase"]
[SourceDate "2021.10.06"]
[SourceVersion "1"]
[SourceVersionDate "2021.10.06"]
[SourceQuality "1"]

1. e4 e5 2. Nf3 Nf6 3. Nxe5 d6 4. Nf3 Nxe4 5. d4 d5 6. Bd3 Be7 7. Ne5 Nd7 8. Bxe4 dxe4 9. f4 exf3 10. Nxf3 O-O 11. O-O Nb6 12. b3 Bg4 13. Qd3 c5 14. Bb2 Bf6 15. Nbd2 g6 16. Rae1 Bf5 17. Ne4 Bg7 18. Ba3 Re8 19. Bxc5 Nd7 20. Ba3 Nf6 21. Nxf6+ Bxf6 22. Qd2 Be4 23. c3 Rc8 24. Re3 Bg5 25. Nxg5 Qxg5 26. Qf2 f5 27. Qg3 Qxg3 28. hxg3 Re6 29. c4 Ra6 30. Bc5 Rxa2 31. Rf2 Ra1+ 32. Rf1 Ra2 33. Rf2 Ra1+ 34. Kh2 b6 35. Bd6 Rd8 36. Be5 Re8 37. g4 Rf8 38. d5 Rd1 39. gxf5 Rxf5 40. Rxf5 Bxf5 41. Bb8 Kf7 42. Bxa7 b5 43. Kg3 bxc4 44. bxc4 Rd3 45. Kf4 Rd4+ 1-0